Carboniferous and Permian rocks, southwestern District of Mackenzie. (Record no. 29786)

MARC details
000 -LEADER
fixed length control field 00902cam a22002651 4500
001 - CONTROL NUMBER
control field gs 64000053
003 - CONTROL NUMBER IDENTIFIER
control field DLC
005 - DATE AND TIME OF LATEST TRANSACTION
control field 20260227111413.0
008 - FIXED-LENGTH DATA ELEMENTS--GENERAL INFORMATION
fixed length control field 720302s1963 xx 000 0 eng
010 ## - LIBRARY OF CONGRESS CONTROL NUMBER
LC control number gs 64000053
035 ## - SYSTEM CONTROL NUMBER
System control number (OCoLC)254634
040 ## - CATALOGING SOURCE
Original cataloging agency DLC
Transcribing agency OAkU
Modifying agency DLC
042 ## - AUTHENTICATION CODE
Authentication code premarc
050 00 - LIBRARY OF CONGRESS CALL NUMBER
Classification number QE185
Item number .A43 no. 95
100 1# - MAIN ENTRY--PERSONAL NAME
Personal name Harker, Peter,
Dates associated with a name 1920-
245 10 - TITLE STATEMENT
Title Carboniferous and Permian rocks, southwestern District of Mackenzie.
260 ## - PUBLICATION, DISTRIBUTION, ETC.
Place of publication, distribution, etc. [Ottawa]
Name of publisher, distributor, etc. Dept. of Mines and Technical Surveys, Canada
Date of publication, distribution, etc. [1963]
300 ## - PHYSICAL DESCRIPTION
Extent ix, 91 p.
Other physical details illus., fold. col. map (in pocket) tables.
410 20 - SERIES STATEMENT/ADDED ENTRY--CORPORATE NAME [OBSOLETE, CAN/MARC], [LOCAL, USA]
Corporate name or jurisdiction name as entry element Geological Survey of Canada.
Title of a work Bulletin
Volume number/sequential designation 95
500 ## - GENERAL NOTE
General note Abstract also in French.
504 ## - BIBLIOGRAPHY, ETC. NOTE
Bibliography, etc. note Bibliography: p. 26-27.
650 #0 - SUBJECT ADDED ENTRY--TOPICAL TERM
Topical term or geographic name entry element Geology
Geographic subdivision Northwest Territories
-- Mackenzie.
650 #0 - SUBJECT ADDED ENTRY--TOPICAL TERM
Topical term or geographic name entry element Geology, Stratigraphic
Chronological subdivision Carboniferous.
650 #0 - SUBJECT ADDED ENTRY--TOPICAL TERM
Topical term or geographic name entry element Geology, Stratigraphic
Chronological subdivision Permian.

No items available.

Powered by Koha